000
00318nam a2200157Ia 4500
100
_a
Schiller/Jochen
250
_a
2
942
_c
BK
366
_f
10
654
_a
mobile
245
_a
Mobile communications
260
_b
Pearson Education
_c
2003
082
_a
621.382
_b
SCH
300
_a
492
546
_a
ENGLISH
999
_c
18727
_d
18727